Países con Armas Nucleares - Estadísticas

Estadísticas generales
  • Esta prueba ha sido intentada 9.211 veces
  • La puntuación promedio es 8 de 10
Estadísticas de respuestas
Estatus País % Correcto
Reconocido Estados Unidos
99%
Reconocido Rusia
98%
Reconocido China
93%
Reconocido Corea del Norte
92%
Reconocido Francia
88%
Reconocido Reino Unido
83%
Reconocido India
80%
Sin reconocimiento Israel
67%
Reconocido Pakistán
65%
Anteriormente Sudáfrica
28%
No se encontraron pruebas coincidentes
Distribución de puntuación
Porcentaje de gente con cada puntuación
Porcentaje por número respondido
Historial de tus puntuaciones
No has intentado esta prueba.